00378nam a22001577a 4500003000500000005001700005008004100022020001800063040000600081082001400087100001500101245003500116260003000151300000900181650003000190CEME20210628205817.0210317b xxu||||| |||| 00| 0 eng d a969-0-01343-2 c. a420.4 ABD aAbdul Rauf aA handbook of english speeches aLAHOREbFEROZE SONSc1997 a137P aENGLISH SPEECHES-HANDBOOK